Statistics for Most Guessed Countries In Popular Quizzes

Click here to take the quiz!

General Stats

  • This quiz has been taken 96 times
  • The average score is 29 of 45

Answer Stats

QuizCountry%% Correct
Countries of the World QuizUnited States97
99%
Biggest Countries by Population QuizChina100
89%
Biggest Countries by Area QuizRussia100
89%
Countries of the World with an Empty MapUnited States/Canada/Russia97
88%
Countries of AfricaSouth Africa/Egypt97
87%
Countries of Europe QuizUnited Kingdom/France98
87%
Countries by Borders in 90 SecondsUnited States/France/China/Mexico/Canada/Russia/Brazil97
84%
Countries that Start with CCanada97
80%
Countries that Start with BBrazil91
77%
Countries that Start with AAustralia86
76%
Countries of the World - One Minute SprintUnited States92
76%
Countries that Start with GGermany94
73%
Countries in World War II QuizGermany99
72%
Countries that Start with SSweden96
70%
Countries Closest to the USCanada/Mexico100
68%
Countries of Asia QuizChina99
68%
Countries with Most Tourists QuizFrance/United States99
67%
Countries that Start with IIndia87
67%
Countries of Europe - One Minute SprintUnited Kingdom95
67%
English-Speaking Countries QuizUnited States/United Kingdom99
67%
Spanish Speaking Countries QuizSpain98
66%
Countries with the Most BillionairesUnited States100
66%
Northernmost Countries QuizRussia100
65%
Most Populous Countries A-ZChina99
64%
Countries with the Longest CoastlinesUnited States99
64%
Countries with the Most Borders QuizChina97
62%
Countries with the Biggest Economies QuizChina/United States100
62%
EU Countries QuizFrance/Germany98
61%
Countries that Start with TTurkey93
61%
Countries that Start with UUnited States90
61%
Smallest Countries by Population and AreaVatican City98
61%
Communist Countries QuizChina95
59%
Countries by First Two Letters in 90 SecondsCambodia/Cameroon/Canada/Cape Verde93
58%
Majority Muslim Countries QuizIran96
57%
Countries that Start with NNiger88
54%
Countries that Start with EEstonia82
53%
Catholic Countries QuizItaly97
51%
Countries that Start with KKazakhstan90
49%
Island Countries QuizNew Zealand93
48%
Countries that Start with PPanama85
48%
Countries that Start with LLithuania86
47%
Countries by Alcohol ConsumptionRussia94
47%
Countries with Four Letters QuizPeru90
45%
Landlocked Countries QuizMongolia90
39%
Countries that Start with MMadagascar87
33%

Score Distribution

Percentile by Number Answered

Percent of People with Each Score

Your Score History

You have not taken this quiz